Ochranná známka ako významná súčasť duševného vlastníctva

Podstata duševného vlastníctva a jeho súčasný stav v podmienkach Slovenskej republiky. Počet prihlásených a zapísaných predmetov duševného vlastníctva v rokoch 2007-2011. Ochranná známka, jej podstata a význam v podnikateľskej činnosti. Top desať najhodnotnejších značiek sveta. Ochranná známka ako p...

Descrizione completa

Salvato in:
Dettagli Bibliografici
Autore principale: Divincová, Alexandra
Natura: Capitolo di libro
Lingua:slovacco
Soggetti:
Tags: Aggiungi Tag
Nessun Tag, puoi essere il primo ad aggiungerne!!

MARC

LEADER 00000nla a2200000 4500
001 0162642
005 20240502072821.9
041 0 |a slo 
044 |a SK 
245 1 0 |a Ochranná známka ako významná súčasť duševného vlastníctva  |c Alexandra Divincová 
520 |a Podstata duševného vlastníctva a jeho súčasný stav v podmienkach Slovenskej republiky. Počet prihlásených a zapísaných predmetov duševného vlastníctva v rokoch 2007-2011. Ochranná známka, jej podstata a význam v podnikateľskej činnosti. Top desať najhodnotnejších značiek sveta. Ochranná známka ako pozitívny postoj k životnému prostrediu. Metódy stanovenia hodnoty ochrannej známky. 
610 2 0 |a známky ochranné 
610 2 0 |a značky výrobné 
610 2 0 |a vlastníctvo duševné 
610 2 0 |a hodnota 
610 2 0 |a podnikanie 
610 2 0 |a prostredie životné 
610 2 0 |a legislatíva 
610 2 0 |a Slovensko 
610 2 0 |a svet 
100 1 |a Divincová, Alexandra